000 01046cam a22002891 4500
001 gs 49000072
003 DLC
005 20260227111355.0
008 891026s1948 sw bf b 000 0 swe c
010 _ags 49000072
035 _a(OCoLC)20554001
040 _aU.S. Geol. Survey. Library
_cCU
_dCU
_dDLC
041 0 _aswe
_beng
042 _apremarc
050 0 0 _aQE282
_b.A3 Ser. C, no. 490
100 1 _aGavelin, Sven,
_d1909-
245 1 0 _aAdakområdet,
_böversikt av berggrund och malmer.
260 _aStockholm,
_bP.A. Norstedt,
_c1948.
300 _a54 p.
_billus., fold. col. plate, fold. map (in pocket)
_c24 cm.
490 1 _aSweden. Geologiska undersökningen. Ser. C. Avhandlingar och uppsatser.
_vn:o 491. Årsbok 41 (1947) n:o 9
500 _aSummary in English.
504 _a"Litteratur": p. 54.
650 0 _aGeology
_zSweden
_zAdak area.
650 0 _aOre deposits
_zSweden
_zAdak area.
830 0 _aSer. C--Avhandlingar och uppsatser ;
_vn:o 491.
830 0 _aÅrsbok (Sveriges geologiska undersökning) ;
_v41 : n:o 9.
999 _c28345
_d28345